| 000 | 00930cam a2200277 a 4500 | ||
|---|---|---|---|
| 999 |
_c330751 _d330751 |
||
| 001 | 13896052 | ||
| 003 | NUST | ||
| 005 | 20180116120954.0 | ||
| 008 | 050310r2004 pk b 000 0 eng | ||
| 010 | _a 2005309245 | ||
| 020 | _a9693515951 | ||
| 025 | _aP-E-2005309245; 17 | ||
| 040 |
_aDLC _cDLC _dDLC |
||
| 042 | _alcode | ||
| 043 | _aa-pk--- | ||
| 050 | 0 | 0 |
_aDS392.G844 _bG38 2004 |
| 082 | 0 | 0 |
_a954.91 _bGAZ |
| 245 | 0 | 0 | _aGazetteer of the Gujranwala District, 1883-4. |
| 260 |
_aLahore : _bSang-e-Meel Publications, _c2004. |
||
| 300 |
_av, 92 p. ; _c25 cm. |
||
| 500 | _aOriginally published: Lahore : Punjab Govt. | ||
| 500 | _aIncludes bibliographical references. | ||
| 651 | 0 |
_aGujrānwāla District (Pakistan) _91299 |
|
| 906 |
_a7 _bcbc _corigode _d3 _encip _f20 _gy-gencatlg |
||
| 942 |
_2ddc _cBK |
||